LEADER 01487nam a2200325 u 4500 001 000000031567 003 CaOOAMICUS 005 20070226112144.0 008 971006s1983 it a u000 u ita u 020 $a8885669018 035 $a10771544 040 $aPUL(R)$bita$dAD 041 1 $aita$aeng 100 1 $aGeller, Ruth Liliana.$0(OLS)http://pul/name/25176 245 10$aRoma ebraica :$bduemila anni di storia in immagini = Jewish Rome : a pictorial history of 2000 years /$ctesto = text Ruth Liliana Geller .. 246 31$aJewish Rome :$ba pictorial history of 200 years 260 $aRoma :$bViella,$c1983. 300 $a167 p. ;$c27 cm 504 $aBibliografia: p. 167. 650 0$aJews$zItaly$zRome$xHistory.$2//eng$0(OLS)http://pul/subject/17295 650 0$aJews$xPersecutions.$2//eng$0(OLS)http://pul/subject/17296 651 0$aRome (Italy)$xHistory.$2//eng$0(OLS)http://pul/subject/283 850 $aPUL 852 $aPUL$W1$xSL Religione 1$y3$m7(1) D 91$j43595$nBK-PRI$b $qStampati$B43595$CPULBib$Z2$F43595 $H $81 941 1 $a8 961 $aINV: 60952 996 $6020$a8885669018$9(OLS)http://pul/number/39615 996 $6245$aRoma ebraica :$bduemila anni di storia in immagini = Jewish Rome : a pictorial history of 2000 years$9(OLS)http://pul/title/43415 996 $6246$aJewish Rome :$ba pictorial history of 200 years$9(OLS)http://pul/title/43416 996 $6260$aRoma :$bViella$9(OLS)http://pul/publisher/54599 LEADER 01237nam a2200289 u 4500 001 000000031716 003 CaOOAMICUS 005 20070226112154.0 008 971007s1970 it u000 u ita u 035 $a10771810 040 $aPUL$bita 041 1 $aita$hger 100 1 $aBrox, Norbert.$0(OLS)http://pul/name/10584 245 13$aLe lettere pastorali /$ctradotte e commentate da Norbert Brox ; edizione italiana a cura di Giovanni Rinaldi. 260 $aBrescia :$bMorcelliana,$c1970. 300 $a465 p. ;$c23 cm 490 1 $aIl Nuovo Testamento commentato ;$vVII, 2 700 1 $aRinaldi, Giovanni.$0(OLS)http://pul/name/12979 730 0 $aBiblia.$pN.T.$pAd Timotheum I-II.$lItaliano.$0(OLS)http://pul/title/36956 730 0 $aBiblia.$pN.T.$pAd Titum.$lItaliano.$0(OLS)http://pul/title/32740 830 3$aIl Nuovo Testamento commentato ;$vVII, 2.$0(OLS)http://pul/title/43471 850 $aPUL 852 $aPUL$W1$xSL Religione 1$y3$m1(7) Q 7/2$j43763$nBK-PRI$b $qStampati$B43763$CPULBib$Z2$F43763 $H $81 941 1 $a8 961 $aINV: 33692 996 $6245$aLe lettere pastorali$9(OLS)http://pul/title/43640 996 $6260$aBrescia :$bMorcelliana$9(OLS)http://pul/publisher/47854